00378nam a2200133Ia 450000500170000000800410001702000150005808200130007310000180008624500420010426000370014630000130018350000480019620250630031000.0240331s9999 xx 000 0 und d a9555734976 bDISa891 aDissanayake.D 0aChandrarathnage bhawanthara charikawa aNugegodabUniversity Pressc2006 a224 p ., aA book on Chandrarathne's Spiritual Journey